Kríza prinútila poisťovne k vyššej efektívnosti konkurencia na trhu stláča ceny a zvyšuje komfort klienta
S JUDr. Jozefínou Žákovou, generálnlou riaditeľkou Slovenskej asociácie poisťovní, o vývoji slovenského poistného trhu počas krízy. Poisťovníctvo ako stabilizujúci prvok slovenského hospodárstva. Produkčné kapacity a konkurencia poisťovní na Slovensku.
Salvato in:
| Autore principale: | |
|---|---|
| Natura: | Capitolo di libro |
| Lingua: | slovacco |
| Soggetti: | |
| Tags: |
Nessun Tag, puoi essere il primo ad aggiungerne!!
|
MARC
| LEADER | 00000naa$a2200000$$$4500 | ||
|---|---|---|---|
| 001 | 0115405 | ||
| 005 | 20220725111438.3 | ||
| 041 | 0 | |a slo | |
| 044 | |a SK | ||
| 245 | 1 | 0 | |a Kríza prinútila poisťovne k vyššej efektívnosti |b konkurencia na trhu stláča ceny a zvyšuje komfort klienta |c Vladimír Ješko |
| 520 | |a S JUDr. Jozefínou Žákovou, generálnlou riaditeľkou Slovenskej asociácie poisťovní, o vývoji slovenského poistného trhu počas krízy. Poisťovníctvo ako stabilizujúci prvok slovenského hospodárstva. Produkčné kapacity a konkurencia poisťovní na Slovensku. | ||
| 610 | 2 | 0 | |a poisťovníctvo |
| 610 | 2 | 0 | |a poisťovne |
| 610 | 2 | 0 | |a zmluvy poistné |
| 610 | 2 | 0 | |a poistníci |
| 610 | 2 | 0 | |a poistné |
| 610 | 2 | 0 | |a poistenie neživotné |
| 610 | 2 | 0 | |a poistenie životné |
| 610 | 2 | 0 | |a udalosti poistné |
| 610 | 2 | 0 | |a plnenie poistné |
| 100 | 1 | |a Ješko, Vladimír | |